000 00571nam a2200241Ia 4500
003 OSt
005 20230505150707.0
008 210423s2010 xx 000 0 und d
020 _a9788125925309
040 _cAL
041 _aeng
082 _a336 BHAH
_223
100 _aBHATIA (H L)
_988237
245 _aPublic finance
250 _a26
260 _aNew Delhi
_bVikas Publications
_c2010
300 _axv,759
_bPB
365 _b365
_cINR
650 _aEconomics
_988238
650 _aPublic Finance
_988239
906 _afinance ; Public
942 _2ddc
_cBK
999 _c159214
_d159214